000 01220cam a2200349 i 4500
999 _c41694
_d41694
001 293563
003 URS
005 20220114162533.0
008 720223s1972 nyua b 001 0 eng
010 _a 70172258
020 _a0070353328
040 _aDLC
_beng
_erda
_cURS
_dDLC
042 _apcc
050 0 0 _aHD31
_b.K6 1972
082 0 0 _aHD31
_b.K6 1972
100 1 _aKoontz, Harold,
_d1908-1984,
_eauthor.
245 1 0 _aPrinciples of management :
_ban analysis of managerial functions /
_c[by] Harold Koontz [and] Cyril O'Donnell.
250 _a5th ed.
264 1 _aNew York :
_bMcGraw-Hill,
_c©1972
300 _ax, 748 pages :
_billustrations ;
_c25 cm.
336 _atext
_btxt
_2rdacontent
337 _aunmediated
_bn
_2rdamedia
338 _avolume
_bnc
_2rdacarrier
490 0 _aMcGraw-Hill series in management
500 _aSixth ed. published under title: Management: a systems and contingency analysis of managerial functions.
504 _aBibliography: p. 712-724.
650 0 _aIndustrial management.
700 1 _aO'Donnell, Cyril,
_d1900-1976,
_ejoint author.
906 _a7
_bcbc
_corignew
_d2
_encip
_f19
_gy-gencatlg
942 _2lcc
_cFR